[Event "Skopje Karposh op"]
[Site "Skopje"]
[Date "2013.03.16"]
[Round "9"]
[White "Aksoy, Ayca"]
[Black "Gonzalez Espana, Maria Gabriela"]
[Result "0-1"]
[WhiteElo "1707"]
[BlackElo "1958"]
[PlyCount "40"]
[EventDate "2013.03.09"]
[EventType "swiss"]
[EventRounds "9"]
[EventCountry "MKD"]
[SourceTitle "CBM 153 Extra"]
[Source "ChessBase"]
[SourceDate "2013.04.22"]
[SourceVersion "1"]
[SourceVersionDate "2013.04.22"]
[SourceQuality "1"]

1. Nf3 Nf6 2. d4 g6 3. Nc3 d5 4. Bf4 c6 5. Qd2 Bf5 6. Ne5 Nbd7 7. f3 Nxe5 8. Bxe5 h5 9. Bf4 Bg7 10. e3 0-0 11. Bd3 Bxd3 12. Qxd3 Re8 13. 0-0 Qb6 14. Na4 Qd8 15. Nc5 b6 16. Nb3 Nd7 17. c3 e5 18. Bxe5 Bxe5 19. dxe5 Nxe5 20. e4 Nxd3 0-1

[Event "Skopje Karposh op"]
[Site "Skopje"]
[Date "2013.03.14"]
[Round "7"]
[White "Aksoy, Ayca"]
[Black "Stojanovski, Stefan"]
[Result "1/2-1/2"]
[WhiteElo "1707"]
[BlackElo "1989"]
[PlyCount "76"]
[EventDate "2013.03.09"]
[EventType "swiss"]
[EventRounds "9"]
[EventCountry "MKD"]
[SourceTitle "CBM 153 Extra"]
[Source "ChessBase"]
[SourceDate "2013.04.22"]
[SourceVersion "1"]
[SourceVersionDate "2013.04.22"]
[SourceQuality "1"]

1. Nf3 Nf6 2. d4 c5 3. c4 d6 4. g3 g6 5. Bg2 Bg7 6. 0-0 cxd4 7. Nxd4 Qc7 8. Nb5 Qd8 9. N1c3 a6 10. Nd4 0-0 11. Nb3 Nc6 12. c5 dxc5 13. Nxc5 Qc7 14. Qa4 Ne5 15. N5e4 Nxe4 16. Qxe4 e6 17. Bf4 Qc4 18. Rac1 f5 19. Qxc4 Nxc4 20. b3 Nb6 21. Bc7 Nd7 22. Rfd1 Ra7 23. Na4 a5 24. Nc5 Nxc5 25. Rxc5 a4 26. Rb5 axb3 27. axb3 Ra2 28. e3 Ra7 29. Bb6 Ra1 30. Rxa1 Bxa1 31. Bc5 Rf7 32. Ra5 Be5 33. Ra8 Rc7 34. Bxb7 Rxb7 35. Rxc8+ Kf7 36. b4 Bc3 37. Rf8+ Kg7 38. Re8 Kf7 1/2-1/2